| 000 | 00377nam a2200145 a 4500 | ||
|---|---|---|---|
| 001 | 5750 | ||
| 003 | CDMR | ||
| 005 | 20130116135313.0 | ||
| 008 | 130130s ||||||||||||||||||||||||||||d | ||
| 040 |
_aCDMR _bcat _cCDMR |
||
| 245 | 0 | _aCommunication methods to promete grass-roots participation | |
| 260 |
_aParis _bUnesco |
||
| 490 | 0 |
_aCommunication and society _v6 _92713 |
|
| 942 | _cMON | ||
| 999 |
_c5750 _d5750 |
||